| 000 -LEADER |
| fixed length control field |
00718cam a2200205Ia 4500 |
| 020 ## - INTERNATIONAL STANDARD BOOK NUMBER |
| ISBN |
1856491773 (Hb) |
| 020 ## - INTERNATIONAL STANDARD BOOK NUMBER |
| ISBN |
1856491781 (Pb) |
| 040 ## - CATALOGING SOURCE |
| Transcribing agency |
DLM |
| 082 ## - DEWEY DECIMAL CLASSIFICATION NUMBER |
| Classification number |
338 ZED 1993 A012 Or. |
| 245 00 - TITLE STATEMENT |
| Title |
Facing the challenge : |
| Remainder of title |
responses to the report of the South Commission / |
| 260 ## - PUBLICATION, DISTRIBUTION, ETC. (IMPRINT) |
| Place of publication |
London ; |
| -- |
Atlantic Highlands, N.J. : |
| Name of publisher |
Zed Books, in association with the South Centre, |
| Year of publication |
1993 |
| 300 ## - PHYSICAL DESCRIPTION |
| Number of Pages |
xiv, 319 p. ; |
| Dimensions |
23 cm |
| 500 ## - GENERAL NOTE |
| General note |
Title of commission's report: The Challenge to the South--P. [xiii] |
| 500 ## - GENERAL NOTE |
| General note |
At head of title: The South Centre |
| 650 #0 - SUBJECT ADDED ENTRY--TOPICAL TERM |
| Topical Term |
Democracy |
| 650 #0 - SUBJECT ADDED ENTRY--TOPICAL TERM |
| Topical Term |
International cooperation |
| 700 1# - ADDED ENTRY--PERSONAL NAME |
| Personal name |
Nyerere, Julius K. |
| 710 2# - ADDED ENTRY--CORPORATE NAME |
| Corporate name or jurisdiction name as entry element |
South Centre (South Commission) |
| 942 ## - ADDED ENTRY ELEMENTS (KOHA) |
| Koha item type |
សៀវភៅភាសាអង់គ្លេស |
| 952 ## - LOCATION AND ITEM INFORMATION (KOHA) |
| Withdrawn status [LOCAL, KOHA] |
0 |